00683 2200253 4500001002100000005001700021008004100038020001800079035002500097040001200122082001000134084001700144100001900161245006500180250001100245260002800256300002800284500004700312650001700359700001100376850001200387990001500399990001500414YOGYA-0209000000860620151020073452.0 ind  a979-421-008-0 a0010-020900000008606 aYOPDYOG a158.4 a158.4bGor K aGORDON, Thomas aKepemimpinan yang efektifcThomas Gordon ; penyadur, Mudjito aCet. 2 aJakartabRajawalic1990 ax, 307 hlmbilusc21 cm aJudul asli : Leader effektiveness training aKepemimpinan aMujito aYOPDYOG a48926-P/94 a48927-P/94